[Event "Kathmandu Open 2018"]
[Site "Kathmandu"]
[Date "2018.04.13"]
[Round "2"]
[White "Fominyh, Alexander"]
[Black "Shubham Shukla"]
[Result "1-0"]
[WhiteElo "2391"]
[BlackElo "1838"]
[Annotator "TA"]
[PlyCount "97"]
[EventDate "2018.??.??"]
[EventType "swiss"]
[EventCountry "NEP"]
[SourceTitle "playchess.com"]
[Source "ChessBase"]
[SourceQuality "1"]

{[%evp 9,97,0,16,-24,7,9,22,8,21,12,14,22,22,14,41,17,28,15,56,51,91,89,79,71,64,58,63,57,66,55,75,50,59,64,93,102,109,108,104,115,109,102,140,145,142,139,200,197,196,195,218,211,219,207,268,242,280,275,270,258,343,313,397,376,395,376,367,381,475,366,462,466,458,443,446,431,520,350,489,471,482,450,598,591,770,743,682,677,626,629]} 1. d4 f5 2. Bg5 h6 3. Bf4 Nf6 4. Nc3 e6 (4... g5 5. Be5 e6 6. e4 d6 7. Bxf6 Qxf6 8. Qh5+ Kd8 9. e5 dxe5 10. dxe5 Qxe5+ 11. Be2 Bd7 12. Nf3 {0-1 (23) Przedmojski,R (2367)-Piorun,K (2577) Warsaw 2014}) 5. e3 Bb4 6. Bd3 {A80: Dutch Defence: Unusual White second moves} O-O $146 (6... Bxc3+ $5 7. bxc3 Nc6 $11) ({Find the theoretical novelty and annotate with similar games:} 6... Bxc3+ 7. bxc3 O-O 8. Qf3 Nd5 9. Ne2 Nxf4 10. Nxf4 c5 11. O-O Qa5 12. Ng6 Rf7 13. Ne5 Rf8 14. Nc4 Qc7 15. d5 b6 16. d6 Qc6 17. Qg3 Qa4 {½-½ (17) Guenzel,S-Behrmann,K CServe email 1996}) 7. Nge2 d6 8. O-O {The position is equal.} Nc6 9. a3 Bxc3 10. Nxc3 Qe7 11. Bg3 e5 12. d5 Nd8 13. f4 Ng4 14. Qd2 e4 15. Bc4 Nf7 16. Ne2 c5 17. dxc6 bxc6 18. Nd4 Bd7 19. b4 Rad8 20. h3 $36 {[%mdl 2048] White has the initiative.} Nf6 21. Bh4 c5 22. Ne2 {[%cal Bd4e2,Be2c3,Bc3d5,Bd5b4,Bb4a6][%mdl 32]} Be6 23. Bxe6 Qxe6 24. Bxf6 Qxf6 25. Nc3 Rc8 26. Nd5 Qe6 27. b5 c4 (27... Nh8 $16) 28. a4 Rc5 29. Rfd1 Rfc8 30. c3 Rb8 31. Nb4 Rb6 32. Rab1 Kh7 33. Na6 Rc8 34. Qd5 Qd7 35. Rb4 g5 36. Rxc4 Rxc4 37. Qxc4 gxf4 38. exf4 Qe7 39. Qc7 Qxc7 40. Nxc7 $18 {[%mdl 4096] Endgame KRN-KRN} Rb8 41. Nd5 Rc8 42. Kf2 Nd8 43. Ke3 Ne6 44. g4 {White is clearly winning.} fxg4 45. hxg4 Rc4 46. a5 Ra4 47. Nf6+ Kg7 48. Nxe4 Rxa5 49. Rxd6 {Precision: White = 73%, Black = 20%.} 1-0

[Event "Kathmandu Open 2018"]
[Site "Kathmandu"]
[Date "2018.04.13"]
[Round "2"]
[White "Srijit Paul"]
[Black "Dahal, Sushrut"]
[Result "1-0"]
[WhiteElo "2351"]
[BlackElo "1792"]
[Annotator "TA"]
[PlyCount "54"]
[EventDate "2018.??.??"]
[EventType "swiss"]
[EventCountry "NEP"]
[SourceTitle "playchess.com"]
[Source "ChessBase"]
[SourceQuality "1"]

{[%evp 11,54,60,65,11,0,-5,50,0,56,0,91,-29,103,79,105,93,100,90,237,234,353,354,371,363,367,373,481,318,314,298,333,343,338,321,364,364,343,352,352,358,360,353,388,394,388]} 1. e4 d5 2. exd5 Nf6 3. d4 Nxd5 4. Nf3 g6 5. c4 Nb6 6. Nc3 Bg7 {LiveBook: 376 Games} 7. a3 {B01: Scandinavian Defence} (7. c5 $14 Nd5 8. Bc4 Nxc3 9. bxc3) (7. c5 Nd5 8. Bc4 c6 9. O-O O-O 10. Re1 b6 11. Bg5 Re8 12. Ne5 Bb7 13. Qf3 Bf6 14. Bxf6 exf6 15. Ng4 Rxe1+ 16. Rxe1 Kg7 {½-½ (46) Alekseev,E (2622)-Smagin,S (2551) Sochi 2017}) 7... O-O 8. Be3 c6 $146 (8... Bg4 $11) ({Predecessor:} 8... Nc6 9. h3 e5 10. d5 Ne7 11. Qb3 Nf5 12. Rd1 Re8 {0-1 (38) Kollar,V (2035)-Dibala,R (2007) Slovakia 2014}) 9. Bd3 {White is slightly better.} Be6 (9... Bg4 $11) 10. Qe2 ({White should try} 10. Qb3 $1 $14) 10... N8d7 (10... Bg4 $1 $11 {remains equal.}) 11. O-O (11. h3 $16) 11... Nf6 (11... Bg4 $1 $11) 12. Rfd1 Rc8 13. Rac1 Qd7 14. a4 a5 (14... Bf5 $16) 15. d5 $1 $18 {[%cal Rd5e6]} cxd5 (15... Nbxd5 $142 16. cxd5 Nxd5) 16. Bxb6 dxc4 {[#]} 17. Bf5 $1 {[%mdl 512]} Qc6 (17... Bxf5 18. Rxd7) 18. Bxe6 fxe6 19. Bxa5 Nh5 20. Qe4 Qxe4 21. Nxe4 Bxb2 22. Rc2 Bg7 23. Bc3 Bxc3 24. Nxc3 ({Weaker is} 24. Rxc3 Nf4 $18) 24... Rc7 {White is winning.} 25. Rd4 Rfc8 26. Nd2 e5 27. Re4 Rc5 {Precision: White = 45%, Black = 32%.} 1-0

[Event "Kathmandu Open 2018"]
[Site "Kathmandu"]
[Date "2018.04.13"]
[Round "2"]
[White "Mohammed Abdul, Malek"]
[Black "Pokhrel, Anup"]
[Result "1-0"]
[WhiteElo "2177"]
[BlackElo "1738"]
[Annotator "TA"]
[PlyCount "31"]
[EventDate "2018.??.??"]
[EventType "swiss"]
[EventCountry "NEP"]
[SourceTitle "playchess.com"]
[Source "ChessBase"]
[SourceQuality "1"]

{[%evp 9,31,0,6,-46,25,-35,28,-55,84,0,69,11,22,27,25,-43,497,499,501,499,862,862,29996,29997]} 1. d4 Nf6 2. Nf3 g6 3. Nc3 d5 4. Bf4 Bg7 5. Qd2 O-O {LiveBook: 122 Games} 6. Ne5 {D00: 1 d4 d5: Unusual lines} (6. O-O-O $11) (6. Bh6 Ne4 7. Qe3 Nxc3 8. Bxg7 Kxg7 9. Qxc3 Bf5 10. e3 Qd6 11. O-O-O Nd7 12. Nh4 Be6 13. f4 f5 14. h3 {1-0 (57) Jones,G (2665)-Tari,A (2584) Wijk aan Zee 2017}) 6... c6 (6... c5 $15 7. e3 (7. dxc5 d4 $15) 7... Nh5) 7. f3 (7. O-O-O $11) 7... Nfd7 (7... c5 $15 8. dxc5 Nh5) 8. Ng4 $146 (8. h4 $11) ({Predecessor:} 8. Nxd7 Nxd7 9. O-O-O e5 10. Bh6 exd4 11. Bxg7 Kxg7 12. Qxd4+ Qf6 13. e4 Qxd4 14. Rxd4 dxe4 15. Nxe4 Nc5 16. Nxc5 {1-0 (16) Hungaski,R (2145)-Sorkin,I (2351) Dos Hermanas 2004}) 8... Re8 (8... Nb6 $15 {stays ahead.} 9. Nh6+ Kh8) 9. Bh6 (9. e4 $16) 9... Bh8 (9... Nb6 $11 10. Bxg7 Kxg7) 10. O-O-O (10. Bg5 $14) 10... e5 11. dxe5 Nxe5 12. Bg5 ({White should try} 12. Nxe5 $11 Bxe5 13. e4) 12... Nc4 $2 {[%mdl 8192] [#]} (12... f6 $15 13. Nh6+ Kg7) 13. Qf4 $1 $18 {Threatening mate with Nh6+.} ({Not} 13. Nh6+ Kf8 $14) 13... Qd7 14. Bf6 Bg7 (14... Qe6 $142 15. Qd4 Nd7) 15. Bxg7 Kxg7 16. Qh6+ {Precision: White = 14%, Black =  2%.} 1-0

[Event "Kathmandu Open 2018"]
[Site "Kathmandu"]
[Date "2018.04.13"]
[Round "2"]
[White "Anustoop Biswas"]
[Black "Acharya, Sushan"]
[Result "1-0"]
[WhiteElo "2039"]
[BlackElo "1615"]
[Annotator "NA RC"]
[PlyCount "36"]
[EventDate "2018.??.??"]
[EventType "swiss"]
[EventCountry "NEP"]
[SourceTitle "playchess.com"]
[Source "ChessBase"]
[SourceQuality "1"]
[TimeControl "5400+30"]

1. e4 c5 2. Nc3 e6 3. f4 a6 4. g3 d5 5. d3 Nc6 6. Bg2 Nf6 7. Bd2 h5 8. Nf3 Be7 9. O-O Ng4 10. h3 d4 11. hxg4 dxc3 12. Bxc3 h4 13. gxh4 Bxh4 14. g5 Nd4 15. Bxd4 cxd4 16. Nxh4 Rxh4 17. e5 Qc7 18. Qe1 Rh7 1-0

[Event "Kathmandu Open 2018"]
[Site "Kathmandu"]
[Date "2018.04.13"]
[Round "2"]
[White "Rajbhandari, Rijendra"]
[Black "Sandipan, Chanda"]
[Result "0-1"]
[WhiteElo "1959"]
[BlackElo "2579"]
[Annotator "TA"]
[PlyCount "56"]
[EventDate "2018.??.??"]
[EventType "swiss"]
[EventCountry "NEP"]
[SourceTitle "playchess.com"]
[Source "ChessBase"]
[SourceQuality "1"]

{[%evp 19,56,45,56,4,4,4,14,15,26,23,27,21,23,6,28,29,40,11,12,-8,0,-25,-25,-22,-14,-218,-225,-224,-217,-640,-257,-390,-341,-317,-297,-427,-424,-409,-389]} 1. e4 c6 2. d4 d5 3. Nc3 dxe4 4. Nxe4 Nf6 5. Nxf6+ exf6 6. c3 Bd6 7. Bd3 O-O 8. Ne2 Re8 9. O-O {B15: Caro-Kann: 3 Nc3: 3...g6 and 3...dxe4 4 Nxe4 Nf6 5 Nxf6+ exf6} (9. Qc2 h5 10. Bd2 Nd7 11. O-O-O Nf8 12. h3 Ng6 13. Ng3 Nf4 14. Bxf4 Bxf4+ 15. Kb1 h4 16. Nf5 Bxf5 17. Bxf5 {0-1 (58) Andriasian,Z (2585)-Vidit,S (2718) chess.com INT 2018}) 9... Qc7 10. Ng3 Nd7 {[%cal Bb8d7,Bd7f8,Bf8g6,Bg6f4,Bf4h3][%mdl 32] LiveBook: 12 Games} 11. Re1 ({White should play} 11. Nf5 $14) 11... Rxe1+ $1 $11 12. Qxe1 Nf8 13. Be3 $146 ({Predecessor:} 13. h3 Bd7 14. Ne4 Re8 15. Qd1 Bh2+ 16. Kh1 f5 17. Nc5 Bc8 18. Bd2 Bd6 19. Qc2 {½-½ (19) Pruefer,S (2250)-Schwalfenberg,J (2367) Germany 2005}) 13... Bd7 14. Qd2 Ng6 15. Qc2 Re8 16. Rd1 Kh8 17. c4 Bf4 18. Bxf4 Nxf4 19. Bf5 h5 {[%cal Bh7h5,Bh5h4][%mdl 32] Black wants to play ...h4.} 20. h3 h4 21. Bxd7 Qxd7 22. Ne4 $2 (22. Nf5 $1 $11 {and White is okay.}) 22... Qf5 $19 23. f3 {[#]} Nxh3+ $1 {[%mdl 512]} 24. Kh2 $2 (24. Kf1 Ng5 25. Qf2 Nxe4 26. fxe4 Qxe4 27. Kg1) (24. gxh3 Qxf3) 24... Ng5 (24... Qf4+ $142 25. Kh1 {[#]} (25. Kxh3 $2 Rxe4 26. Qf2 g5 $19) 25... Rxe4 $1 {[%mdl 512]} 26. fxe4 Nf2+ 27. Kg1 Ng4) 25. d5 (25. Qc3 $142) 25... Nxe4 26. fxe4 Rxe4 27. d6 (27. Qb3 $142) 27... Qe5+ 28. Kg1 {Strongly threatening Qxe4!} Re1+ {Precision: White = 29%, Black = 40%.} 0-1

[Event "Kathmandu Open 2018"]
[Site "Kathmandu"]
[Date "2018.04.13"]
[Round "2"]
[White "Lakshmi C"]
[Black "Tarlev, Konstantin"]
[Result "0-1"]
[WhiteElo "1942"]
[BlackElo "2549"]
[Annotator "TA"]
[PlyCount "98"]
[EventDate "2018.??.??"]
[EventType "swiss"]
[EventCountry "NEP"]
[SourceTitle "playchess.com"]
[Source "ChessBase"]
[SourceQuality "1"]

{[%evp 15,98,28,30,2,37,15,42,-10,0,-27,-15,-41,-13,-7,0,0,43,35,51,46,54,-18,-18,-20,-18,-3,-6,-40,-46,-47,-56,-137,-152,-147,-148,-275,-255,-293,-277,-274,-274,-274,-279,-333,-329,-333,-291,-319,-310,-350,-337,-706,-701,-666,-575,-579,-572,-792,-792,-792,-783,-787,-787,-787,-782,-807,-806,-796,-764,-1141,-1099,-906,-753,-1393,-1327,-29986,-29987,-29986,-29987,-29992,-29984,-29978,-29979,-29979,-29978]} 1. e4 c5 2. Nf3 d6 3. d4 cxd4 4. Nxd4 Nf6 5. Nc3 a6 6. Bg5 Nbd7 7. Bc4 g6 8. O-O {B94: Sicilian Najdorf: 6 Bg5 Nbd7} (8. Qd2 Bg7 9. O-O-O O-O 10. Bh6 Bxh6 11. Qxh6 Ne5 12. Bb3 b5 13. f3 b4 14. Nd5 Nxd5 15. Bxd5 Ra7 {0-1 (36) Motylev,A (2649)-Matlakov,M (2689) Berlin 2015}) 8... Bg7 {LiveBook: 3 Games} 9. Qe2 O-O 10. Rad1 {White is slightly better.} Re8 $146 ({Predecessor:} 10... Qc7 11. Nd5 Nxd5 12. exd5 Nf6 13. Rfe1 Bd7 14. Bb3 Rac8 15. h3 Rfe8 {½-½ (29) Shagalovich,A-Aronin,L Leningrad (Russia) 1962}) 11. Nd5 (11. f4 $14) 11... Nc5 12. f3 Nxd5 13. exd5 Qb6 14. c3 e5 {White must now prevent ...Bd7.} 15. dxe6 Bxe6 16. Nxe6 Nxe6+ 17. Be3 Qc7 18. Bd5 (18. f4 $14) 18... Nf4 $1 $11 {[%cal Rf4e2]} 19. Qf2 Nxd5 20. Rxd5 Re6 21. Rfd1 Rae8 22. R5d3 Qe7 $36 {[%cal Re6e3][%mdl 2048] Black has good play.} 23. Bf4 (23. Bd2 $15) 23... Re2 $17 24. Qg3 Rxb2 25. Rxd6 (25. Re3 $17 {keeps fighting.} Be5 26. Rde1) 25... Rxa2 $19 26. Rd7 {[#]} Ra1 $1 {[%mdl 512]} 27. Rxe7 (27. Rxa1 Qxd7) 27... Rxd1+ 28. Kf2 Rxe7 29. Qg5 Re8 30. Qc5 Rdd8 31. Qc7 b5 32. Qc6 Ra8 33. Bd2 $2 (33. h4) 33... Rec8 34. Qb7 Rcb8 35. Qc6 a5 36. Bf4 Rc8 37. Qxb5 a4 {...a3 is the strong threat.} 38. Qb2 a3 39. Qa2 Rxc3 40. Bd6 {[#]} Rc2+ $1 {[%mdl 512]} 41. Qxc2 a2 42. Qe4 a1=Q 43. Kg3 Qa4 44. Qe7 Re8 45. Qc7 Bf6 {[%csl Gf6][%cal Ra4h4] Black mates.} 46. Bf4 g5 47. Qd6 Qxf4+ 48. Qxf4 gxf4+ 49. Kxf4 Kg7 {Precision: White = 22%, Black = 70%.} 0-1

[Event "Kathmandu Open 2018"]
[Site "Kathmandu"]
[Date "2018.04.13"]
[Round "2"]
[White "Lama, Surbir"]
[Black "Harsha Bharathakoti"]
[Result "0-1"]
[WhiteElo "1911"]
[BlackElo "2424"]
[Annotator "TA"]
[PlyCount "42"]
[EventDate "2018.??.??"]
[EventType "swiss"]
[EventCountry "NEP"]
[SourceTitle "playchess.com"]
[Source "ChessBase"]
[SourceQuality "1"]

{[%evp 21,42,0,16,-51,-10,-67,-72,-88,-83,-81,-75,-67,-52,-90,-72,-152,-41,-48,-51,-587,-576,-564,-449]} 1. d4 Nf6 2. c4 e6 3. g3 d5 4. Bg2 dxc4 5. Nf3 a6 6. O-O Nc6 {[%cal Bb8c6,Bc6b4,Bb4d3][%mdl 32]} 7. Nc3 Rb8 8. e4 Be7 9. d5 Nb4 10. Ne5 {E04: Open Catalan: 5 Nf3} exd5 11. exd5 Bf5 {LiveBook: 89 Games} (11... Nd3 12. Nxd3 cxd3 13. Qxd3 O-O 14. Bf4 Bd6 15. Bxd6 Qxd6 16. Rfd1 Re8 17. h3 h5 18. a4 {0-1 (64) Kozul,Z (2594)-Naiditsch,A (2657) Bled 2016}) 12. Bf4 (12. a3 $11 Nd3 13. Nxc4) 12... O-O {With the idea ...Bd3.} (12... Bd3 {is interesting.} 13. Qa4+ b5 14. Qa5 Bxf1 15. Rxf1 Rb6) 13. a3 $146 (13. Nxc4 $11 Bd3 14. Ne3) ({Predecessor:} 13. Nxc4 Bd3 14. Ne3 Bxf1 15. Kxf1 a5 16. Nb5 Bd6 17. Nxd6 cxd6 {1-0 (40) Nester,I (2229)-Buturin,V (2460) Lvov 1999}) 13... Nd3 $15 14. Nxc4 Nxf4 15. gxf4 Bc5 16. b4 Ba7 17. Rc1 Re8 18. d6 ({White should play} 18. Ne5) 18... Be6 ({Black should try} 18... Ng4 $17 19. Bf3 Nxh2 20. dxc7 Qxc7) 19. dxc7 Qxc7 20. Qd6 $2 {[%mdl 8192] [#]} (20. Ne5 $1 $15) 20... Qxc4 $19 21. Nd5 Qd4 0-1

[Event "Kathmandu Open 2018"]
[Site "Kathmandu"]
[Date "2018.04.13"]
[Round "2"]
[White "Lama, Suman"]
[Black "Gusain, Himal"]
[Result "0-1"]
[WhiteElo "1900"]
[BlackElo "2413"]
[Annotator "TA"]
[PlyCount "62"]
[EventDate "2018.??.??"]
[EventType "swiss"]
[EventCountry "NEP"]
[SourceTitle "playchess.com"]
[Source "ChessBase"]
[SourceQuality "1"]

{[%evp 12,62,-11,-28,-11,-191,-175,-197,-226,-255,-151,-198,-192,-206,-206,-222,-212,-222,-230,-367,-356,-382,-358,-388,-386,-508,-509,-506,-487,-604,-602,-663,-490,-468,-462,-529,-512,-581,-561,-546,-534,-597,-591,-554,-576,-810,-804,-889,-895,-886,-859,-841,-823]} 1. d4 d5 2. Nf3 e6 3. Bf4 Nf6 4. e3 Bd6 5. Bg5 (5. Bxd6 Qxd6 6. c4 c5 7. cxd5 Nxd5 8. e4 Ne7 9. Na3 O-O 10. Nc4 Qf4 11. dxc5 Qxe4+ 12. Be2 Na6 13. Rc1 Nxc5 14. Qd6 {1-0 (51) Nabaty,T (2690)-Rakhmanov,A (2655) Batumi 2018}) 5... Nbd7 6. Bd3 {D02: 1 d4 d5 2 Nf3 sidelines, including 2...Nf6 3 g3 and 2...Nf6 3 Bf4} c5 7. c3 {LiveBook: 3 Games} Qb6 8. Qe2 $146 {[#]} (8. Qc2 $11 {and White stays safe.}) ({Predecessor:} 8. Qb3 Qc7 9. Qc2 c4 10. Be2 Ne4 11. Bh4 f5 12. Bg3 Nxg3 13. hxg3 {0-1 (32) Gundic,D (1669)-Skuhala,L (2059) Podturen 2018}) 8... c4 $19 9. Bxc4 dxc4 {[%cal Bd5c4,Bc4b3,Bb3b2][%mdl 32]} 10. O-O Qc7 ({Better is} 10... Ne4 $19 11. a4 Qc7) 11. e4 h6 12. Bxf6 gxf6 13. Nbd2 {[#]} Nb6 $1 14. b3 cxb3 15. c4 (15. axb3 {was necessary.} Qxc3 16. e5 fxe5 17. Ne4) 15... b2 16. Rab1 {If only White now had time for c5....} Na4 17. Qd3 b6 {[%cal Bb7b6,Bb6c5][%mdl 32]} 18. e5 fxe5 {Black is clearly winning.} 19. c5 bxc5 20. dxe5 Be7 21. Qe4 Nb6 22. Rxb2 Bb7 23. Qc2 Rd8 24. Ne4 Rg8 25. Re1 Qd7 26. Rb3 c4 27. Rc3 Bxe4 28. Qxe4 Bb4 29. Rce3 Bxe1 30. Rxe1 Qd3 31. Qc6+ Rd7 {Precision: White =  3%, Black = 88%.} 0-1

[Event "Kathmandu Open 2018"]
[Site "Kathmandu"]
[Date "2018.04.13"]
[Round "2"]
[White "Shrestha, Sujendra Prasad"]
[Black "Sriram, Jha"]
[Result "0-1"]
[WhiteElo "1883"]
[BlackElo "2392"]
[Annotator "ChessBase"]
[PlyCount "106"]
[EventDate "2018.??.??"]
[EventType "swiss"]
[EventCountry "NEP"]
[SourceTitle "playchess.com"]
[Source "ChessBase"]
[SourceQuality "1"]
[TimeControl "5400+30"]

1. e4 c5 2. Nf3 Nc6 3. d4 cxd4 4. Nxd4 Nf6 5. Nc3 d6 6. f3 e6 7. Be3 a6 8. Be2 Qc7 9. Qd2 Be7 10. Nb3 b5 11. Bd3 Bb7 12. O-O O-O 13. Qf2 Rac8 14. Rac1 Rfe8 15. Kh1 Ne5 16. Ne2 Nc4 17. Bd4 e5 18. Bc3 d5 19. exd5 Nxd5 20. Ng3 Nxc3 21. bxc3 Nd6 22. Nd2 Bh4 23. Nde4 Bxe4 24. fxe4 Qxc3 25. Qf3 Bxg3 26. Qxg3 Re6 27. Rf3 Qd2 28. Rcf1 Rg6 29. Qh3 Rc7 30. R1f2 Qh6 31. Qxh6 Rxh6 32. h3 Re6 33. g4 Kf8 34. Kg2 Rc3 35. Rf1 Ra3 36. Ra1 Ke7 37. Be2 Ra4 38. Rc3 Kd7 39. Rd1 g5 40. Rd5 Rxa2 41. Bd3 Ra4 42. Rcc5 Rb4 43. c3 Rb2+ 44. Kg3 h6 45. h4 Rb3 46. hxg5 hxg5 47. Kf3 Rh6 48. Kg3 f6 49. Bc2 Rb2 50. Rd2 Rh7 51. Rcd5 Kc7 52. Rxd6 Rxc2 53. R2d3 Rch2 0-1

[Event "Kathmandu Open 2018"]
[Site "Kathmandu"]
[Date "2018.04.13"]
[Round "2"]
[White "Lamahewa, C."]
[Black "Shyaamnikhil P"]
[Result "0-1"]
[WhiteElo "1836"]
[BlackElo "2385"]
[Annotator "ChessBase"]
[PlyCount "96"]
[EventDate "2018.??.??"]
[EventType "swiss"]
[EventCountry "NEP"]
[SourceTitle "playchess.com"]
[Source "ChessBase"]
[SourceQuality "1"]
[TimeControl "5400+30"]

1. e4 c5 2. c3 Nf6 3. e5 Nd5 4. d4 cxd4 5. cxd4 d6 6. Nf3 Nc6 7. Bc4 Nb6 8. Bb5 dxe5 9. Nxe5 Bd7 10. Nxd7 Qxd7 11. Bxc6 Qxc6 12. O-O e6 13. Nc3 Be7 14. Re1 Rd8 15. Qg4 Bf6 16. Ne4 Nd5 17. Nxf6+ Nxf6 18. Qh4 Qd5 19. Be3 O-O 20. Rec1 Rc8 21. Rc5 Qe4 22. Qxe4 Nxe4 23. Rxc8 Rxc8 24. Rc1 Rxc1+ 25. Bxc1 Kf8 26. Kf1 Ke7 27. f3 Nd6 28. Ke2 Nf5 29. Kd3 Kd6 30. g3 Kd5 31. Be3 Ne7 32. Bd2 Nc6 33. Bc3 b5 34. b3 a6 35. Ke3 a5 36. Kd3 a4 37. bxa4 bxa4 38. a3 Na7 39. h3 Nb5 40. Bb2 f6 41. h4 h5 42. g4 g6 43. gxh5 gxh5 44. Ke3 Nd6 45. Kd3 Nf5 46. Kc3 Nxh4 47. f4 Nf5 48. Kb4 h4 0-1

[Event "Kathmandu Open 2018"]
[Site "Kathmandu"]
[Date "2018.04.13"]
[Round "2"]
[White "Jati, Bikram"]
[Black "Padmini, Rout"]
[Result "0-1"]
[WhiteElo "1830"]
[BlackElo "2360"]
[Annotator "NA"]
[PlyCount "64"]
[EventDate "2018.??.??"]
[EventType "swiss"]
[EventCountry "NEP"]
[SourceTitle "playchess.com"]
[Source "ChessBase"]
[SourceQuality "1"]
[TimeControl "5400+30"]

1. e4 e6 2. Nf3 c5 3. d4 cxd4 4. Nxd4 Nc6 5. Nf3 {[%emt 0:00:35]} Nf6 {[%emt 0:01:03]} 6. Bd3 {[%emt 0:02:06] LiveBook: 21 Games} Qc7 {[%emt 0:01:06] B40: Sicilian: 2...e6, Unusual lines} (6... d5 7. exd5 exd5 8. O-O Be7 9. Bg5 h6 10. Bh4 O-O 11. Nbd2 Qb6 12. Nb3 Bg4 13. Be2 Rfe8 14. Rb1 Rad8 {0-1 (49) Meijers,V (2458)-Epishin,V (2591) Cutro 2009}) 7. Nc3 a6 8. h3 b5 9. O-O $146 ({Predecessor:} 9. Qe2 d6 10. O-O Be7 11. Bf4 Nd7 12. Rad1 Nde5 13. Nxe5 dxe5 {0-1 (42) Renouard,L (1886)-Eid,M (2051) Paris 2012}) 9... b4 10. Na4 Be7 11. Be3 Rb8 12. Qe2 O-O 13. Rac1 d6 14. b3 Qa5 15. Bd2 {[%emt 0:59:06]} Ne5 {[%emt 0:01:21]} 16. Nxe5 dxe5 {[%emt 0:01:22]} 17. a3 {[%emt 1:13:00]} Qc7 18. axb4 Bxb4 {[%emt 0:08:28]} 19. Bxb4 {[%emt 1:13:03]} Rxb4 {[%emt 0:08:53]} 20. Bc4 a5 {[%emt 0:08:53]} 21. Rfd1 {[%emt 1:40:29]} Bd7 22. Nb2 {[%emt 1:40:59]} Bc6 $14 {[%emt 0:08:54]} 23. f3 a4 24. c3 Rbb8 25. bxa4 Qb6+ 26. Kh2 Qxb2 27. Rc2 Qb6 28. Rd6 Qc5 29. Rcd2 Bxa4 30. h4 h6 31. g4 Rb1 32. Qg2 Qxc4 {-error} 0-1

[Event "Kathmandu Open 2018"]
[Site "Kathmandu"]
[Date "2018.04.13"]
[Round "2"]
[White "Shrestha, Suman"]
[Black "Harshavardhan G B"]
[Result "0-1"]
[WhiteElo "1807"]
[BlackElo "2119"]
[Annotator "TA"]
[PlyCount "54"]
[EventDate "2018.??.??"]
[EventType "swiss"]
[EventCountry "NEP"]
[SourceTitle "playchess.com"]
[Source "ChessBase"]
[SourceQuality "1"]

{[%evp 18,54,196,195,206,146,158,53,63,66,180,101,85,89,57,16,18,-21,-17,-18,-15,-7,-6,-39,-39,-54,-9,-23,0,-58,-37,-76,0,-129,-127,-185,0,0,0]} 1. e4 c5 2. Nf3 e6 3. d4 cxd4 4. Nxd4 a6 5. Nc3 Qc7 6. Bd3 Nf6 7. O-O d6 8. Kh1 Be7 9. f4 b5 {B82: Sicilian Scheveningen: 6 f4} (9... Nbd7 10. Qe2 O-O 11. Bd2 Nc5 12. Rae1 {½-½ (12) Zinchenko,Y (2547)-David,A (2567) Paleochora 2017}) 10. e5 $1 {LiveBook: 3 Games} Nfd7 11. exd6 Qxd6 {White is clearly better.} 12. Be4 (12. Qf3 $1 $16) 12... Ra7 $14 13. Be3 {Threatens to win with Nxe6!} Nc5 (13... b4 $14) 14. Bf3 $146 (14. f5 $18) ({Find the theoretical novelty and annotate with similar games:} 14. Qh5 g6 15. Qh6 Bf8 16. Qh3 Rd7 17. b4 {1-0 (46) Winiwarter,F (2200)-Hoffmann,E Austria 1995}) 14... Rd7 $16 15. Qe1 O-O 16. Rd1 {Hoping for Nc6.} Qc7 17. Ne4 Nxe4 18. Bxe4 Bb7 19. Bd3 Nc6 $36 {[%mdl 2048] Black is pushing.} 20. Nxc6 Qxc6 {[%csl Gb7][%cal Rc6g2]} 21. Rg1 f5 22. Qf2 Rf6 {[%cal Bf8f6,Bf6g6,Bg6g3][%mdl 32]} 23. h3 ({White should play} 23. Be2 $11) 23... Rg6 $15 24. Kh2 {[#]} h5 (24... Bf6 $1 $17 25. b3 Bc3) 25. Rd2 (25. g3 $11) 25... h4 $17 26. Rgd1 {[#]} (26. Rdd1 $17) 26... Bd6 $2 (26... Bb4 $1 $19 27. Re2 Rg3) 27. Bf1 $11 Rg3 {[%mdl 32768] Precision: White = 34%, Black = 40%. . Loss on Time!?} 0-1